LEADER 01199nam a2200265 i 4500 001 000000048837 003 CaOOAMICUS 005 20120227000000.0 008 120227s1978 it u000 u ita u 013 $a20007 040 $aSeMil$bita 100 1 $aVauchez, André,$d<1938- >.$0(OLS)http://semarc/name/1418 240 13$aLa spiritualité du Moyen Age occidental.$0(OLS)http://semarc/title/73999 245 13$aLa spiritualità dell'occidente medioevale :$bsecoli 8.-12. /$cAndré Vauchez. 260 $aMilano :$bVita e Pensiero,$ccopyr. 1978. 300 $aVI, 199 p. ;$c20 cm. 490 0 $aCultura e storia. Nuova serie : sezione storia moderna e contemporanea ;$v1 500 $aFondo Conti. 650 4$aSpiritualità - Storia - Medioevo.$0(OLS)http://semarc/subject/2628 830 0$aCultura e storia. Nuova serie ;$v1.$0(OLS)http://semarc/title/13686 850 $aSeMil 852 $aSeMil$W1$xVenegono$y1$m2C II 444$j14992$B14992$CSeMilBibl$Z2$F14992 $81 961 $aOmaggio: Conti Franco 996 $6245$aLa spiritualità dell'occidente medioevale :$bsecoli 8.-12.$9(OLS)http://semarc/title/73998 996 $6260$aMilano :$bVita e Pensiero$9(OLS)http://semarc/publisher/29642 LEADER 00929nam a2200229 i 4500 001 000000087550 003 CaOOAMICUS 005 20180830150022.0 008 180830s1951 xx u000 u und u 013 $a59790 040 $aSeMil$bita 100 1 $aRhaudenses .$0(OLS)http://semarc/name/90393 245 10$aIn Christo Jesu. Corso di esercizi al clero. 260 $aMilano :$bDaverio,$c1951. 300 $a447 p. 650 4$aChiesa cattolica - Clero.$0(OLS)http://semarc/subject/5374 650 4$aEsercizi spirituali.$0(OLS)http://semarc/subject/175 650 4$aMeditazioni.$0(OLS)http://semarc/subject/1352 850 $aSeMil 852 $aSeMil$W1$xVenegono$y1$m106 35 *$j51014$B51014$CSeMilBibl$Z2$F55149 $81 996 $6245$aIn Christo Jesu. Corso di esercizi al clero$9(OLS)http://semarc/title/133589 996 $6260$aMilano :$bDaverio$9(OLS)http://semarc/publisher/30287